Statistics for Largest Cities in Czechia

Click here to take the quiz!

General Stats

  • This quiz has been taken 30 times
  • The average score is 5 of 6

Answer Stats

Answer % Correct
Prague
100%
Brno
96%
Ostrava
77%
Plzen
69%
Olomouc
58%
Liberec
50%

Score Distribution

Percentile by Number Answered

Percent of People with Each Score

Your Score History

You have not taken this quiz